[Event "KUW-ch"]
[Site "Kuwait City"]
[Date "2024.01.31"]
[Round "8"]
[White "Al Hajiri, Bader"]
[Black "Alhejab, Meshal"]
[Result "1-0"]
[WhiteElo "1890"]
[BlackElo "1787"]
[PlyCount "115"]
[EventDate "2024.01.22"]
[EventType "swiss"]
[EventRounds "9"]
[EventCountry "KUW"]
[SourceTitle "CB07_2024"]
[SourceDate "2024.02.14"]
[SourceVersion "1"]
[SourceVersionDate "2024.02.14"]
[SourceQuality "1"]

1. d4 Nf6 2. c4 e6 3. Nc3 Bb4 4. e3 0-0 5. Bd3 d5 6. Nf3 c5 7. a3 Bxc3+ 8. bxc3 dxc4 9. Bxc4 Qc7 10. Qd3 Rd8 11. 0-0 b6 12. e4 h6 13. e5 Nd5 14. Nd2 Nc6 15. Ne4 cxd4 16. cxd4 Nde7 17. Nd6 Nf5 18. Bf4 g5 19. Bg3 Ncxd4 20. h4 Nxg3 21. fxg3 Nf5 22. Rxf5 exf5 23. hxg5 Qc5+ 24. Kh2 hxg5 25. Bxf7+ Kg7 26. Ne8+ Rxe8 27. Bxe8 Qxe5 28. Bc6 Qxa1 29. Bxa8 Qe5 30. Qd8 Qe6 31. Qxg5+ Kh7 32. Qd8 Bd7 33. Qc7 a5 34. Bf3 Kg6 35. Qd8 a4 36. Qh8 Kf7 37. Qh4 Qf6 38. Bh5+ Kg7 39. Qc4 b5 40. Qc7 Qe6 41. Qc5 Kf6 42. Bf3 Qf7 43. Be2 Qe8 44. Bd3 Kg7 45. Qd4+ Kf7 46. Qd5+ Qe6 47. Qc5 Qh6+ 48. Kg1 Qc6 49. Qe3 Qd5 50. Be2 Qe4 51. Qd2 Be6 52. Bxb5 Bd5 53. Bxa4 Ke6 54. Bc2 Qg4 55. Qe3+ Kf6 56. Qf4 Qg6 57. Qd6+ Be6 58. Bb3 1-0

[Event "Asian Games"]
[Site "Hangzhou"]
[Date "2023.09.26"]
[Round "6"]
[White "Kulpruethanon, Thanadon"]
[Black "Al Hajiri, Bader"]
[Result "1/2-1/2"]
[WhiteElo "2280"]
[BlackElo "1890"]
[PlyCount "88"]
[EventDate "2023.09.24"]
[EventType "swiss (rapid)"]
[EventRounds "9"]
[EventCountry "CHN"]
[SourceTitle "EXT 2024"]
[Source "ChessBase"]
[SourceDate "2023.10.10"]
[SourceVersion "1"]
[SourceVersionDate "2023.10.10"]
[SourceQuality "1"]

1. d4 d5 2. c4 e6 3. Nf3 c6 4. g3 Nf6 5. Bg2 dxc4 6. 0-0 b5 7. a4 Bb7 8. Ne5 Qc8 9. b3 cxb3 10. Qxb3 a6 11. Ba3 Bxa3 12. Qxa3 Nfd7 13. Nd2 c5 14. Bxb7 Qxb7 15. axb5 0-0 16. Nxd7 Nxd7 17. bxa6 Qd5 18. Qa2 Qxd4 19. Nc4 Nb8 20. Rad1 Rxa6 21. Qb3 Qe4 22. Rd2 Ra8 23. Qb5 Qc6 24. Rb1 h6 25. Rd6 Qe4 26. Re1 Ra2 27. Rb6 Nd7 28. Qxd7 Qxc4 29. e3 Qc2 30. Rf1 c4 31. Rc6 c3 32. Qc7 Ra3 33. h4 Rfa8 34. Qd7 Qb2 35. Rc7 Rf8 36. Qc6 Rd8 37. Qf3 Rf8 38. Qe4 Ra2 39. Qd3 c2 40. Qd2 Kh7 41. Rc1 Rd8 42. Qxc2+ Qxc2 43. Rc4 Qxc1+ 44. Rxc1 Rdd2 1/2-1/2

[Event "Riadh Rapid op"]
[Site "Riadh"]
[Date "2023.03.17"]
[Round "1"]
[White "Al Hajiri, Bader"]
[Black "Ruwaida Saad, Mohsin Al Naseri"]
[Result "1-0"]
[WhiteElo "1907"]
[BlackElo "1541"]
[PlyCount "58"]
[EventDate "2023.03.17"]
[EventType "swiss (rapid)"]
[EventRounds "9"]
[EventCountry "SAU"]
[SourceTitle "CBM 213 Extra"]
[Source "ChessBase"]
[SourceDate "2023.05.31"]
[SourceVersion "1"]
[SourceVersionDate "2023.05.31"]
[SourceQuality "1"]

1. e4 e5 2. Nf3 Nc6 3. Bc4 Bc5 4. d3 d6 5. c3 Nf6 6. Nbd2 Bb6 7. Nf1 Ne7 8. a4 c6 9. h3 h6 10. Ne3 Be6 11. Bxe6 fxe6 12. Nc4 0-0 13. Qb3 Qd7 14. a5 Bd8 15. Be3 Ng6 16. 0-0 Kh8 17. Ra4 Nh5 18. Rb4 Rf7 19. Ncd2 Nhf4 20. Kh2 Nxd3 21. Ra4 Ngf4 22. Qc2 Bc7 23. g3 Nxb2 24. Qxb2 Nd3 25. Qc2 c5 26. Raa1 c4 27. Nxc4 Rxf3 28. Qxd3 a6 29. Nxe5 Qd8 1-0

[Event "Sunway Formentera op 1st"]
[Site "Sant Ferran de ses Roques"]
[Date "2022.05.01"]
[Round "3"]
[White "Al Hajiri, Bader"]
[Black "Garcia Martin, Marta"]
[Result "0-1"]
[WhiteElo "2046"]
[BlackElo "2299"]
[PlyCount "56"]
[EventDate "2022.04.29"]
[EventType "swiss"]
[EventRounds "10"]
[EventCountry "ESP"]
[SourceTitle "CBM 208 Extra"]
[Source "ChessBase"]
[SourceDate "2022.07.31"]
[SourceVersion "1"]
[SourceVersionDate "2022.07.31"]
[SourceQuality "1"]

1. d4 d5 2. c4 e6 3. Nc3 a6 4. e4 dxe4 5. Nxe4 Bb4+ 6. Nc3 c5 7. Be3 Ne7 8. a3 Bxc3+ 9. bxc3 Qa5 10. Bd2 0-0 11. Nf3 Nbc6 12. Bd3 Rd8 13. h4 cxd4 14. cxd4 Qh5 15. g4 Qxg4 16. Bxh7+ Kf8 17. Bc3 e5 18. Rg1 Qh5 19. Bc2 Bg4 20. Rg3 exd4 21. Bb2 Ne5 22. Rxg4 Nxg4 23. Qe2 Nc6 24. 0-0-0 Nge5 25. Be4 Re8 26. Rg1 Nxf3 27. Qxf3 Qxf3 28. Bxf3 Ne5 0-1

[Event "World Amateur-ch U2300"]
[Site "Rhodes"]
[Date "2021.10.22"]
[Round "6"]
[White "Sandalakis, Nikolaos"]
[Black "Al Hajiri, Bader"]
[Result "1-0"]
[WhiteElo "2226"]
[BlackElo "2096"]
[PlyCount "113"]
[EventDate "2021.10.17"]
[EventType "swiss"]
[EventRounds "9"]
[EventCountry "GRE"]
[SourceTitle "EXT 2023"]
[Source "ChessBase"]
[SourceDate "2022.10.05"]
[SourceVersion "1"]
[SourceVersionDate "2022.10.05"]
[SourceQuality "1"]

1. e4 e5 2. Nf3 Nf6 3. Nc3 Nc6 4. a3 a6 5. d4 exd4 6. Nxd4 Nxe4 7. Nxe4 Qe7 8. Bd3 Nxd4 9. 0-0 d5 10. Ng5 Ne6 11. Re1 Bd7 12. Bf4 h6 13. Nxe6 Bxe6 14. b4 Qd7 15. c4 Be7 16. c5 Bf6 17. Rc1 0-0 18. Bb1 Rfe8 19. Qd3 g6 20. Bxh6 d4 21. Qf3 Bg7 22. Bxg7 Kxg7 23. h3 Bd5 24. Qf4 Bc6 25. Rcd1 Qd5 26. f3 Rxe1+ 27. Rxe1 Rd8 28. Rd1 Qb3 29. Qc1 Qe6 30. Re1 Qf6 31. Bd3 Qh4 32. Qd2 Bxf3 33. Rf1 Bc6 34. Bc4 Rd7 35. Rf4 Qg3 36. Rxd4 Bxg2 37. Rxd7 Bc6+ 38. Kf1 Qxh3+ 39. Ke1 Qxd7 40. Qf4 Qe7+ 41. Kd2 Qf6 42. Qxc7 Qd4+ 43. Bd3 Be4 44. Qd6 Qxd3+ 45. Qxd3 Bxd3 46. Kxd3 Kf6 47. a4 Ke5 48. Kc4 g5 49. b5 axb5+ 50. axb5 g4 51. b6 g3 52. c6 g2 53. cxb7 g1Q 54. b8Q+ Kf5 55. Qc8+ Ke4 56. Qc6+ Kf5 57. Qc5+ 1-0

[Event "Leiden op-A 13th"]
[Site "Leiden"]
[Date "2019.07.13"]
[Round "2"]
[White "Al Hajiri, Bader"]
[Black "Cchung, Chi Yun"]
[Result "1-0"]
[WhiteElo "2077"]
[BlackElo "1945"]
[PlyCount "91"]
[EventDate "2019.07.12"]
[EventType "swiss"]
[EventRounds "9"]
[EventCountry "NED"]
[SourceTitle "EXT 2020"]
[Source "ChessBase"]
[SourceDate "2019.10.17"]
[SourceVersion "1"]
[SourceVersionDate "2019.10.17"]
[SourceQuality "1"]

1. e4 c5 2. Nf3 e6 3. d4 cxd4 4. Nxd4 a6 5. c4 Nf6 6. Nc3 Bb4 7. Bd3 Nc6 8. Nf3 Qc7 9. 0-0 0-0 10. Re1 Bxc3 11. bxc3 d6 12. Bf4 Ne5 13. Bf1 b6 14. Rb1 Bb7 15. Qd4 Nfd7 16. Red1 Rfd8 17. Qxd6 Qxd6 18. Rxd6 Bxe4 19. Rbd1 Nxf3+ 20. gxf3 Bxf3 21. R1d3 Bg4 22. f3 Bf5 23. Rxd7 Bxd3 24. Rxd3 Rxd3 25. Bxd3 Rd8 26. Bf1 Rc8 27. Kf2 Kf8 28. Bd6+ Ke8 29. c5 bxc5 30. Bxa6 Ra8 31. Bb5+ Kd8 32. a4 Kc8 33. Bxc5 Kc7 34. c4 f5 35. Bd4 g5 36. c5 h5 37. Be5+ Kc8 38. c6 Ra5 39. Ke3 g4 40. fxg4 fxg4 41. Kd4 h4 42. Kc5 Ra7 43. Kb6 Rh7 44. c7 Rxc7 45. Bxc7 g3 46. Kc6 1-0

[Event "Voronezh op-B 23rd"]
[Site "Voronezh"]
[Date "2019.06.19"]
[Round "8"]
[White "Popov, Maksim1111"]
[Black "Al Hajiri, Bader"]
[Result "1-0"]
[WhiteElo "2014"]
[BlackElo "2121"]
[PlyCount "133"]
[EventDate "2019.06.12"]
[EventType "swiss"]
[EventRounds "9"]
[EventCountry "RUS"]
[SourceTitle "CBM 191 Extra"]
[Source "ChessBase"]
[SourceDate "2019.09.30"]
[SourceVersion "1"]
[SourceVersionDate "2019.09.30"]
[SourceQuality "1"]

1. Nf3 Nf6 2. c4 c5 3. Nc3 Nc6 4. g3 g6 5. Bg2 Bg7 6. d4 cxd4 7. Nxd4 Nxd4 8. Qxd4 0-0 9. 0-0 d6 10. Qd2 Rb8 11. b3 Bg4 12. Bb2 Qa5 13. h3 Be6 14. Rad1 Qh5 15. g4 Bxg4 16. hxg4 Nxg4 17. Rfe1 Qh2+ 18. Kf1 h5 19. Nd5 Bh6 20. Qd3 Bg5 21. Qh3 e6 22. Qxh2 Nxh2+ 23. Kg1 exd5 24. Kxh2 dxc4 25. bxc4 b5 26. cxb5 Rxb5 27. Ba3 Bf4+ 28. Kg1 Ra5 29. Rd3 Rc8 30. Bd5 Be5 31. Rc1 Rxc1+ 32. Bxc1 Kg7 33. Kg2 Ra4 34. f4 Bxf4 35. Bb3 Rb4 36. Bxf4 Rxf4 37. Rxd6 a5 38. Ra6 Rf5 39. Ra7 g5 40. e4 Rf4 41. Rxa5 f6 42. Ra7+ Kh6 43. Ra6 Rxe4 44. Rxf6+ Kg7 45. Rf7+ Kh6 46. Kf3 Rb4 47. Ke3 h4 48. Bd5 Ra4 49. Rc7 g4 50. Rc4 Ra5 51. Rd4 h3 52. a4 Kg5 53. Bc6 Kh4 54. Bf3 h2 55. Rxg4+ Kh3 56. Re4 Rc5 57. Kf2 Rc2+ 58. Re2 Rc1 59. Bg2+ Kg4 60. Re4+ Kg5 61. Re1 Rc4 62. Ra1 Kf4 63. a5 Rc2+ 64. Kf1 Ke3 65. Ra3+ Kf4 66. Bh1 Kg4 67. Ra1 1-0

[Event "Voronezh op-B 23rd"]
[Site "Voronezh"]
[Date "2019.06.14"]
[Round "3"]
[White "Al Hajiri, Bader"]
[Black "Dobrynin, Ivan"]
[Result "1-0"]
[WhiteElo "2121"]
[BlackElo "1734"]
[PlyCount "171"]
[EventDate "2019.06.12"]
[EventType "swiss"]
[EventRounds "9"]
[EventCountry "RUS"]
[SourceTitle "EXT 2020"]
[Source "ChessBase"]
[SourceDate "2019.10.17"]
[SourceVersion "1"]
[SourceVersionDate "2019.10.17"]
[SourceQuality "1"]

1. e4 c5 2. Nf3 e6 3. d4 cxd4 4. Nxd4 a6 5. c4 Qc7 6. Nc3 Nf6 7. Bd3 Nc6 8. Nf3 d6 9. 0-0 Be7 10. Re1 0-0 11. Bf4 Nd7 12. Rc1 Nde5 13. Bf1 b6 14. Nd5 Qa7 15. Nxe7+ Qxe7 16. Nd4 Bb7 17. Nxc6 Bxc6 18. Qd4 Qf6 19. Bxe5 Qxe5 20. Qxb6 Bxe4 21. Qe3 Bc6 22. Qxe5 dxe5 23. Rxe5 Rfd8 24. f3 Rd2 25. Re2 Rad8 26. Kf2 Kf8 27. Ke1 R2d4 28. Rec2 e5 29. Be2 e4 30. Rd1 Rxd1+ 31. Bxd1 f5 32. Rd2 Re8 33. fxe4 Rxe4+ 34. Be2 Rh4 35. Rd6 Bxg2 36. Kf2 Bb7 37. Kg3 Re4 38. Bd3 Rg4+ 39. Kf2 Rg2+ 40. Ke3 Rxb2 41. Bxf5 Rxa2 42. Rb6 Bh1 43. h3 g6 44. Bd3 Ke7 45. c5 a5 46. Ra6 Kd7 47. Bb5+ Kc8 48. Ra7 h5 49. Rg7 a4 50. c6 Ra3+ 51. Kd4 Bxc6 52. Bxc6 Kd8 53. Kc5 Rxh3 54. Kd6 Rd3+ 55. Bd5 Re3 56. Ra7 Rc3 57. Rd7+ Kc8 58. Ra7 Kd8 59. Ra8+ Rc8 60. Rxa4 Rc1 61. Ra8+ Rc8 62. Ra7 Rc1 63. Rg7 Re1 64. Rg8+ Re8 65. Rxg6 Re1 66. Rh6 h4 67. Rxh4 Re2 68. Rh1 Re3 69. Rc1 Re2 70. Rc3 Rd2 71. Rc1 Rd3 72. Rc2 Rd1 73. Rc4 Rd2 74. Re4 Rd1 75. Re2 Rd3 76. Rb2 Rc3 77. Rb1 Rc2 78. Rb4 Rc1 79. Rb7 Rc3 80. Be4 Rc1 81. Rb8+ Rc8 82. Rb2 Rc1 83. Bc2 Ke8 84. Bb3 Kd8 85. Ba4 Kc8 86. Bd7+ 1-0